Loading...
| Literature - British | 0 | 6 | 1 | 0 | 55 | 69 | 102.00 | 2 | 5 | 0.00 | 0.00 |
| Literature - World | 0 | 4 | 0 | 0 | 40 | 64 | 100.50 | 1 | 3 | 0.00 | 0.00 |
| Literature - American | 0 | 3 | 1 | 0 | 25 | 98 | 100.67 | 1 | 2 | 0.00 | 0.00 |
| Mythology | 0 | 2 | 1 | 0 | 15 | 112 | 126.50 | 0 | 1 | 0.00 | 0.00 |
| Science - Chemistry | 0 | 2 | 1 | 0 | 15 | 61 | 80.00 | 2 | 2 | 0.00 | 0.00 |
| Literature - European | 0 | 1 | 0 | 0 | 10 | 39 | 39.00 | 0 | 1 | 0.00 | 0.00 |
| Fine Arts - Painting & Sculpture | 0 | 1 | 0 | 0 | 10 | 100 | 100.00 | 0 | 0 | 0.00 | 0.00 |
| Philosophy | 0 | 1 | 0 | 0 | 10 | 121 | 121.00 | 0 | 0 | 0.00 | 0.00 |
| Fine Arts - Classical Music | 0 | 1 | 1 | 0 | 5 | 124 | 124.00 | 0 | 1 | 0.00 | 0.00 |